000 00216 a2200097 4500
001 46876
100 _aCeekie R
245 _aHelmet for my pillow
260 _aNew York
_bNelson doubleday
_c
090 _c29961
_d29961
942 _aNUST-CAE
_cM
_c22181
999 _c281949
_d281949